[Event "7th South Wales Int"]
[Site "Treforest WLS"]
[Date "2010.07.13"]
[Round "5"]
[White "Fathallah,J"]
[Black "Owens,M"]
[Result "0-1"]
[WhiteElo "1919"]
[BlackElo "1792"]

1.d4 Nf6 2.c4 g6 3.Nc3 d5 4.cxd5 Nxd5 5.e4 Nxc3 6.bxc3 Bg7 7.Bc4 O-O 8.Ne2 c5
9.O-O Nc6 10.Be3 cxd4 11.cxd4 b6 12.Rc1 Bb7 13.Qd2 Rc8 14.f4 Na5 15.Bd3 f5
16.Rxc8 Bxc8 17.Rc1 Be6 18.Qc2 fxe4 19.Bxe4 Nc4 20.Bf2 Nd6 21.Bd3 Qd7 22.Qc7 Rc8
23.Qxd7 Rxc1+ 24.Nxc1 Bxd7 25.Kf1 Kf7 26.Bc2 Be6 27.Ke2 Nf5 28.Kd3 Nxd4 29.Ba4 Nf5
30.Bb3 Bxb3 31.Nxb3 e5 32.Ke4 Ke6 33.fxe5 Bxe5 34.h3 Nd6+ 35.Kd3 Kd5 36.a4 Ne4
37.Be3 Nc5+ 38.Nxc5 bxc5 39.g4 c4+ 40.Kc2 Bd4 41.Bd2 Ke4 42.g5 Kf3 43.h4 Kg4
44.Be1 Be5 45.a5 a6 46.Bf2 Bg3 47.Bg1 Bxh4 48.Kc3 Be1+  0-1

[Event "1st Open"]
[Site "Vaujany FRA"]
[Date "2010.07.14"]
[Round "5"]
[White "Brunner,N"]
[Black "Horvath,Jo1"]
[Result "1/2-1/2"]
[WhiteElo "2451"]
[BlackElo "2552"]

1.d4 Nf6 2.c4 g6 3.Nc3 d5 4.cxd5 Nxd5 5.e4 Nxc3 6.bxc3 Bg7 7.Bc4 c5 8.Ne2 Nc6
9.Be3 O-O 10.O-O Qc7 11.Rc1 e6 12.Qd2 b6 13.Bd3 Bb7 14.d5 exd5 15.exd5 c4
16.Bxc4 Ne5 17.Bb3 Nc4 18.Bxc4 Qxc4 19.d6 Rad8 20.Bf4 Rfe8 21.Nd4 Qd5 22.f3 Be5
23.Rfe1 Qxd6 24.Bxe5 Rxe5 25.Rxe5 Qxe5 26.Re1 Qc5 27.Re3 Ba6 28.Qe1 Bc4 29.Re5 Qd6
30.Re8+ Rxe8 31.Qxe8+ Kg7 32.a3 b5 33.h3 a6 34.Qe3 Qxa3 35.Nf5+ Kf6 36.Ng3 Bd5
37.Qb6+ Ke7 38.Qc7+ Ke6 39.Ne2 Kf6 40.Qf4+ Ke7 41.Qc7+ Ke8 42.Qc8+ Ke7 43.Qc7+  1/2-1/2

[Event "Maria Albulet Mem"]
[Site "Braila ROU"]
[Date "2010.07.15"]
[Round "1"]
[White "Worek,J"]
[Black "Toma,K"]
[Result "1-0"]
[WhiteElo "2232"]
[BlackElo "2261"]

1.d4 Nf6 2.c4 g6 3.Nc3 d5 4.cxd5 Nxd5 5.e4 Nxc3 6.bxc3 Bg7 7.Nf3 c5 8.Be2 Nc6
9.d5 Bxc3+ 10.Bd2 Bxd2+ 11.Qxd2 Nd4 12.Nxd4 cxd4 13.O-O O-O 14.Qxd4 Bd7 15.Rab1 b6
16.Ba6 Bc8 17.Bc4 Bb7 18.a4 Qc7 19.h4 h5 20.a5 bxa5 21.Rfc1 Qd7 22.Rc3 Rfc8
23.Bb5 Qg4 24.Rg3 Qxh4 25.Bc4 Rxc4 26.Qxc4 Rc8 27.Qb5 Ba8 28.Qa6 Rf8 29.Re3 Qf4
30.Qxa7 a4 31.Qxe7 h4 32.Rf3 Qg4 33.Rc1 a3 34.Rxa3 Rc8 35.Rxc8+ Qxc8 36.Rf3  1-0

[Event "2nd Open"]
[Site "Rethymno GRE"]
[Date "2010.07.15"]
[Round "4"]
[White "Haugli,P"]
[Black "Hegarty,S"]
[Result "1-0"]
[WhiteElo "2301"]
[BlackElo "2057"]

1.d4 Nf6 2.c4 g6 3.Nc3 d5 4.cxd5 Nxd5 5.e4 Nxc3 6.bxc3 Bg7 7.Ba3 Nd7 8.Nf3 c5
9.Qb3 b6 10.Be2 O-O 11.O-O cxd4 12.cxd4 Nf6 13.Bc4 b5 14.Qxb5 Bg4 15.Ne5 Bd7
16.Nxd7 Qxd7 17.Qxd7 Nxd7 18.Bxe7 Rfe8 19.Bd5 Rac8 20.Bb4 Nf6 21.Rac1 Rxc1
22.Rxc1 Nxd5 23.exd5 Bxd4 24.d6 Bb6 25.Bc3 f5 26.Bf6 Re6 27.Be7 Bc5 28.Rd1 Re2
29.g3 Re6 30.Rd5 Bb4 31.Kg2 Kf7 32.Kf3 a5 33.a4 h6 34.Bd8 Bxd6 35.Bxa5 Ke7
36.h4 Re4 37.Bd8+ Ke6 38.Ra5 Rb4 39.Ra6 Kd5 40.a5 f4 41.Rb6 Ra4 42.gxf4 Rxf4+
43.Kg2 Rg4+ 44.Kf1 Ra4 45.h5 g5 46.Rb7 g4 47.Rg7 Rf4 48.Bb6 Ke4 49.Rg6 Be5
50.Kg2 Kf5 51.Rxh6 Kg5 52.Be3 Kxh6 53.a6 Bd4 54.Bxf4+ Kxh5 55.Be3  1-0

[Event "XII Open"]
[Site "Sant Marti ESP"]
[Date "2010.07.15"]
[Round "3"]
[White "Mihailovs,J"]
[Black "Abreu Delgado,A"]
[Result "1/2-1/2"]
[WhiteElo "2405"]
[BlackElo "2474"]

1.d4 Nf6 2.c4 g6 3.Nc3 d5 4.cxd5 Nxd5 5.e4 Nxc3 6.bxc3 Bg7 7.Bc4 c5 8.Ne2 Nc6
9.Be3 O-O 10.O-O Qc7 11.Rc1 Rd8 12.Qd2 Qa5 13.Qb2 b6 14.Rfd1 Ba6 15.Qb3 e6
16.a4 Bxc4 17.Qxc4 cxd4 18.cxd4 Rac8 19.Bd2 Qh5 20.Nf4 Qh4 21.Nxe6 Ne7 22.Nxd8 Rxc4
23.Rxc4 Qg4 24.Rdc1 Qd7 25.Nc6 Nxc6 26.Rxc6 Bxd4 27.Bf4 Kg7 28.h3 Qe7 29.R6c4 Bc5
30.R1c3 Qe6 31.Be3 Bxe3 32.fxe3 h5 33.Rd4 h4 34.Rc1 Qb3 35.Re1 a6 36.Kf2 b5
37.axb5 axb5 38.Kf3 Qc3 39.Rb1 Qc7 40.e5 Qxe5 41.Ke2 f5 42.Rb3 g5 43.Rdb4 Qg3
44.Kf1 g4 45.hxg4 fxg4 46.Rxb5 h3 47.Rb7+ Kf6 48.R7b6+ Kg7 49.Rb7+ Kf6 50.R7b6+  1/2-1/2

[Event "Corporation Centre Cup"]
[Site "Izhevsk RUS"]
[Date "2010.07.16"]
[Round "2"]
[White "Sanzhaev,D"]
[Black "Gabaidulina,Olga"]
[Result "1-0"]
[WhiteElo "2139"]
[BlackElo "1885"]

1.d4 Nf6 2.c4 g6 3.Nc3 d5 4.cxd5 Nxd5 5.e4 Nxc3 6.bxc3 Bg7 7.Bc4 O-O 8.Ne2 c5
9.O-O Qc7 10.Bf4 Qa5 11.Rb1 a6 12.Bd5 Nc6 13.Be3 cxd4 14.cxd4 e5 15.dxe5 Nxe5
16.Qc2 Rb8 17.Ba7 Ra8 18.Bb6 Qa3 19.Bc5 Qa5 20.Bb4 Qd8 21.Bxf8 Qxf8 22.Bxb7 Bxb7
23.Rxb7 Rc8 24.Rc7 Rb8 25.Rb1 Rxb1+ 26.Qxb1 Qd6 27.Rc8+ Bf8 28.h3 Qd7 29.Qc2 Qd6
30.Nc3 Qd4 31.Nd5 Qa1+ 32.Kh2 Nd7 33.Qc3 Qxc3 34.Rxc3  1-0

[Event "25th Touraine Open"]
[Site "Avoine FRA"]
[Date "2010.07.17"]
[Round "1"]
[White "Vigneron,F"]
[Black "Menager,E"]
[Result "0-1"]
[WhiteElo "1925"]
[BlackElo "2087"]

1.d4 Nf6 2.c4 g6 3.Nc3 d5 4.cxd5 Nxd5 5.e4 Nxc3 6.bxc3 Bg7 7.Bc4 O-O 8.Ne2 c5
9.Be3 Nc6 10.O-O Bd7 11.Rb1 Rc8 12.Bb5 cxd4 13.cxd4 Na5 14.d5 Bxb5 15.Rxb5 b6
16.Nd4 Qd7 17.Qd3 Nc4 18.Rb3 Nxe3 19.Qxe3 e6 20.Nc6 Rfe8 21.Qf3 exd5 22.exd5 f5
23.Re3 Rxe3 24.Qxe3 Re8 25.Qd2 Bf8 26.Rd1 Bc5 27.h4 f4 28.Re1 Rxe1+ 29.Qxe1 f3
30.gxf3 Qxd5 31.Ne7+ Bxe7 32.Qxe7 Qxa2 33.Qe8+ Kg7 34.Qe5+ Kf7 35.Qc7+ Kf6
36.Qd8+ Ke5 37.Qh8+ Kd6 38.Qb8+ Kc5 39.Qf8+ Kb5 40.Qe8+ Ka6 41.Qc8+ Ka5 42.Qd7 a6
43.Qxh7 Qb1+ 44.Kg2 Qf5 45.Qc7 Kb5 46.Qc3 a5 47.Qb3+ Ka6 48.Qc4+ Kb7 49.Qc3 a4
50.Qg7+ Ka6 51.Qc3 b5 52.Qb4 Kb6 53.Qc3 Qc5 54.Qf6+ Qc6 55.Qd4+ Ka5 56.Qd8+ Kb4
57.Qd2+ Qc3 58.Qd6+ Kb3 59.Qd5+ Qc4 60.Qd1+ Kb2 61.Qd2+ Qc2 62.Qd4+ Qc3 63.Qd7 Qc4
64.Qd2+ Ka3 65.Qe3+ Qb3 66.Qd2 b4 67.Qc1+ Qb2 68.Qe3+ b3 69.Qf4 Qc2 70.Qd4 b2
71.Qd6+ Ka2 72.Qe6+ Qb3 73.Qe2 Qc3 74.Kh2 a3 75.Kg2 Ka1  0-1

[Event "XIV Battle Of Senta"]
[Site "Senta SRB"]
[Date "2010.07.17"]
[Round "1"]
[White "Gajic,Z1"]
[Black "Cerovic,D"]
[Result "0-1"]
[WhiteElo "2270"]
[BlackElo "2300"]

1.d4 Nf6 2.c4 g6 3.Nc3 d5 4.cxd5 Nxd5 5.e4 Nxc3 6.bxc3 Bg7 7.Bc4 c5 8.Ne2 O-O
9.O-O Nc6 10.Be3 Na5 11.Bd3 b6 12.Qa4 cxd4 13.cxd4 e6 14.Rac1 Bb7 15.Rc2 Rc8
16.Rfc1 Rxc2 17.Rxc2 Qa8 18.f3 Rc8 19.Kf2 Rxc2 20.Qxc2 Qb8 21.e5 Qd8 22.g3 Bf8
23.Nc3 Nc6 24.Ne4 Nxd4 25.Nf6+ Qxf6 26.exf6 Nxc2 27.Bxc2 Bd5 28.Bb1 Bd6 29.Bd4 Kf8
30.h4 Ke8 31.a4 e5 32.Bc3 Kd7 33.g4 Ke6 34.g5 Bc5+ 35.Kg3 Bb3 36.Kg4 Bf2
37.h5 Kd6 38.hxg6 hxg6  0-1

[Event "Najdorf Mem Open A"]
[Site "Warsaw POL"]
[Date "2010.07.17"]
[Round "1"]
[White "Erdos,V"]
[Black "Przezdziecka,M"]
[Result "1/2-1/2"]
[WhiteElo "2592"]
[BlackElo "2278"]

1.d4 Nf6 2.c4 g6 3.Nc3 d5 4.cxd5 Nxd5 5.e4 Nxc3 6.bxc3 Bg7 7.Bc4 O-O 8.Ne2 c5
9.O-O Nc6 10.Be3 b6 11.Rb1 cxd4 12.cxd4 Bb7 13.Qd2 Rc8 14.Rfc1 Qd6 15.Bb5 Rfd8
16.d5 Ne5 17.Nd4 Ng4 18.Bf4 Be5 19.Bg3 Bxg3 20.hxg3 Qe5 21.f3 Nf6 22.Bc6 Ba6
23.Qf2 e6 24.Re1 exd5 25.exd5 Qd6 26.Nb5 Bxb5 27.Rxb5 a6 28.Rxb6 Nxd5 29.Bxd5 Qxd5
30.Rxa6 Qf5 31.g4 Qd3 32.Qe2 Rc2 33.Qxd3 Rxd3 34.g5 Rdd2 35.g4  1/2-1/2

[Event "Najdorf Mem Open A"]
[Site "Warsaw POL"]
[Date "2010.07.17"]
[Round "1"]
[White "Berczes,D"]
[Black "Laurusas,T"]
[Result "1/2-1/2"]
[WhiteElo "2551"]
[BlackElo "2233"]

1.d4 Nf6 2.c4 g6 3.Nc3 d5 4.cxd5 Nxd5 5.e4 Nxc3 6.bxc3 Bg7 7.Bc4 O-O 8.Ne2 c5
9.O-O Nc6 10.Be3 Bd7 11.Rb1 Qc7 12.Nf4 Na5 13.Be2 e6 14.d5 Rad8 15.c4 b6
16.Qc1 Rde8 17.Rd1 Nb7 18.dxe6 fxe6 19.Bg4 Bc8 20.g3 Nd6 21.f3 Nf7 22.Nd3 Bb7
23.Bh3 Nd6 24.Nf4 Bc8 25.Rb3 Nf7 26.Nd3 Nd6 27.Nf4 Nf7 28.Nd3 Nd6 29.Nf4  1/2-1/2

[Event "25th Touraine Open"]
[Site "Avoine FRA"]
[Date "2010.07.18"]
[Round "2"]
[White "Payen,Ar"]
[Black "Bry,S"]
[Result "1-0"]
[WhiteElo "2372"]
[BlackElo "2084"]

1.d4 Nf6 2.c4 g6 3.Nc3 d5 4.cxd5 Nxd5 5.e4 Nxc3 6.bxc3 Bg7 7.Qa4+ Bd7 8.Qa3 O-O
9.Bg5 f6 10.Bc4+ Kh8 11.Be3 f5 12.Bg5 Bf6 13.Bh6 Bg7 14.Bxg7+ Kxg7 15.exf5 Bxf5
16.Nf3 Qd6 17.Qb3 Nc6 18.O-O Na5 19.Qb5 Nxc4 20.Qxc4 Be4 21.Ne5 b6 22.Rfe1 Bb7
23.Re3 Rac8 24.Qe2 Rce8 25.Re1 e6 26.Rg3 Re7 27.h4 c5 28.h5 cxd4 29.hxg6 h6
30.Nf7 Qf4 31.cxd4 Qxd4 32.Qh5 Qf4 33.Rg4 Qd2 34.Qe5+  1-0

[Event "ZDMI Open"]
[Site "Dresden GER"]
[Date "2010.07.18"]
[Round "9"]
[White "Kimmich,B"]
[Black "Schamschurko,Victor"]
[Result "0-1"]
[WhiteElo "1930"]
[BlackElo "1672"]

1.d4 Nf6 2.c4 g6 3.Nc3 d5 4.cxd5 Nxd5 5.e4 Nxc3 6.bxc3 Bg7 7.Bc4 c5 8.Be3 O-O
9.Ne2 Nc6 10.O-O cxd4 11.cxd4 Na5 12.Bd3 b6 13.Rc1 Bb7 14.f3 Rc8 15.Qd2 Qd7
16.Kh1 Rfd8 17.Rxc8 Rxc8 18.Rc1 Rd8 19.d5 e6 20.Bg5 f6 21.Bf4 exd5 22.Rc7 Qe8
23.Bh6 Bf8 24.Bxf8 Qxf8 25.e5 fxe5 26.Bxg6 hxg6 27.Qg5 Qd6 28.Re7 d4 29.Ng3 Kf8
30.Rh7 Rd7 31.Qh6+ Ke8 32.Rh8+ Kf7 33.Rh7+ Ke8 34.Rh8+ Ke7 35.Qg7+ Ke6 36.Qg8+ Kf6
37.Rh6 Kg5 38.Rh5+ Kf4 39.Rh4+ Ke3 40.Qh8 Kf2 41.Re4 d3 42.Qh4 Qe7 43.Re2+ dxe2
44.Ne4+ Ke3 45.Qf2+ Kf4 46.Qg3+ Ke3 47.Qf2+ Kd3 48.Ng3 Kc2 49.Nxe2 Rd2 50.Qe3 Qc5  0-1

[Event "Andorra Open"]
[Site "La Massana AND"]
[Date "2010.07.18"]
[Round "2"]
[White "Visa Jordana,J"]
[Black "Alsina Leal,D"]
[Result "0-1"]
[WhiteElo "2261"]
[BlackElo "2546"]

1.d4 Nf6 2.c4 g6 3.Nc3 d5 4.cxd5 Nxd5 5.e4 Nxc3 6.bxc3 Bg7 7.Bc4 c5 8.Be3 Qa5
9.Ne2 cxd4 10.Bxd4 Bxd4 11.Qxd4 O-O 12.O-O Nc6 13.Qe3 Ne5 14.Bb3 Bd7 15.Qg3 Bc6
16.Nd4 Qc5 17.Kh1 Nc4 18.Bxc4 Qxc4 19.e5 Rac8 20.f4 Bd7 21.Rf3 Kh8 22.Qh4 f6
23.e6 Bxe6 24.Re1 Bg8 25.Rxe7 Rc7 26.Re2 b5 27.a3 a5 28.Qf2 b4 29.axb4 axb4
30.cxb4 Ra8 31.Nc2 Qxc2  0-1

[Event "2nd Open"]
[Site "Rethymno GRE"]
[Date "2010.07.18"]
[Round "7"]
[White "Volkov,Sergey1"]
[Black "Zinchenko,Ya"]
[Result "1/2-1/2"]
[WhiteElo "2597"]
[BlackElo "2544"]

1.d4 Nf6 2.c4 g6 3.Nc3 d5 4.cxd5 Nxd5 5.e4 Nxc3 6.bxc3 Bg7 7.Be3 c5 8.Qd2 cxd4
9.cxd4 Nc6 10.Rd1 O-O 11.Nf3 Bg4 12.Be2 Rc8 13.O-O Qa5 14.Qxa5 Nxa5 15.Rc1 Bxf3
16.Bxf3 Nc4 17.e5 Nxe3 18.fxe3 Bh6 19.Kf2 b5 20.Ke2 e6 21.Bb7 Rc4 22.Rxc4 bxc4
23.Ba6 Rb8 24.Bxc4 Rb2+ 25.Kd3 Rxg2 26.d5 Rg5 27.d6 Rxe5 28.d7 Bg5 29.Kd4 Rf5
30.Rb1 Kg7 31.Rb8 Rf2 32.Kd3 Rxh2 33.d8=Q Bxd8 34.Rxd8 g5 35.Rd7 Kf6 36.Rxa7 g4
37.Bb5 g3 38.Be8 h5 39.Rxf7+ Ke5 40.Rg7 h4 41.a4 g2 42.Bc6 h3 43.Rg3 Kd6
44.Bf3 Rh1 45.Bxg2 hxg2 46.Rxg2 Ra1 47.Rg4 Ra3+ 48.Ke2 Ra1 49.Rd4+ Kc5 50.Kd3 Ra3+
51.Ke4 Kc6 52.Rc4+ Kd6 53.Kd4 Rb3 54.Ke4 Ra3 55.Kf4 Kd5 56.Rd4+ Kc5 57.Re4 Kd6
58.Rb4 Kc5 59.Re4 Kd6 60.Kf3 Kd5 61.Rg4 Kd6 62.Rd4+ Kc6 63.Ke4 Kc5 64.Rd3 Rxa4+
65.Ke5 Kc6 66.Kxe6 Re4+ 67.Kf5 Re8 68.e4 Rf8+ 69.Ke5 Re8+ 70.Kf4 Rf8+ 71.Kg5 Re8
72.Rd4 Kc5 73.Rd5+ Kc6 74.Kf5 Rf8+ 75.Ke5 Re8+ 76.Kf4 Rf8+ 77.Ke3 Kc7 78.e5 Rd8
79.Ra5 Kd7 80.Ke4 Ke7 81.Ra7+ Rd7 82.Ra6 Rd1  1/2-1/2

[Event "XIV Battle Of Senta"]
[Site "Senta SRB"]
[Date "2010.07.18"]
[Round "3"]
[White "Guzsvany,A"]
[Black "Cerovic,D"]
[Result "0-1"]
[WhiteElo "2147"]
[BlackElo "2300"]

1.d4 Nf6 2.c4 g6 3.Nc3 d5 4.cxd5 Nxd5 5.e4 Nxc3 6.bxc3 Bg7 7.Bc4 c5 8.Ne2 O-O
9.O-O Nc6 10.Be3 Na5 11.Bd3 b6 12.dxc5 bxc5 13.Bxc5 Qc7 14.Be3 Rd8 15.Qc2 Nc4
16.Bxc4 Qxc4 17.Rfd1 Ba6 18.Nd4 Rdc8 19.Rac1 Rc7 20.Qb3 e5 21.Qxc4 Bxc4 22.Nb3 Bf8
23.Rc2 Be6 24.f3 a5 25.Nc1 a4 26.Nd3 f6 27.f4 Rac8 28.fxe5 fxe5 29.Bd2 Bd6
30.Be1 Rc4 31.Nb2 Bc5+ 32.Bf2 Bxf2+ 33.Kxf2 Rxe4 34.Nd3 Rec4 35.Nb2 Rf4+
36.Kg1 Bxa2 37.g3 Rf3 38.Ra1 Bb3 39.Rf2 Rfxc3 40.Re2 Rc1+ 41.Rxc1 Rxc1+ 42.Kf2 a3
43.Nd3 Rh1  0-1

[Event "Najdorf Mem Open A"]
[Site "Warsaw POL"]
[Date "2010.07.18"]
[Round "2"]
[White "Spicak,K"]
[Black "Bugajski,R"]
[Result "1-0"]
[WhiteElo "2026"]
[BlackElo "2222"]

1.d4 Nf6 2.c4 g6 3.Nc3 d5 4.cxd5 Nxd5 5.e4 Nxc3 6.bxc3 Bg7 7.Bc4 c5 8.Ne2 Nc6
9.Be3 O-O 10.O-O Bg4 11.f3 Bd7 12.Rc1 Qa5 13.dxc5 Rfd8 14.Qc2 Ne5 15.Bb3 Bb5
16.c4 Bc6 17.Nf4 Rd7 18.Rfd1 Rad8 19.Rxd7 Rxd7 20.Rd1 e6 21.Kf2 Rxd1 22.Qxd1 Nd7
23.Nd3 Bf8 24.Qe1 Qa3 25.Qb4 Qxb4 26.Nxb4 Bxc5 27.Nxc6 bxc6 28.Ba4 Bxe3+
29.Kxe3 Nb6 30.Bxc6 Nxc4+ 31.Kd4 Nb6 32.a4 Kf8 33.a5 Nc8 34.Kc5 Ke7 35.e5 Kd8
36.g4 h6 37.Bb7 Ne7 38.Kd6 h5 39.h3 h4 40.Be4 g5 41.a6 Nc8+ 42.Kc6 Nb6 43.Kc5 Ke7
44.Bc6 Kd8 45.Kd4 Ke7 46.Ke4 f6 47.f4 Nc4 48.exf6+ Kxf6 49.fxg5+ Kxg5 50.Kd4 Na5
51.Ba4 Kf4 52.Kc5  1-0

[Event "Open A"]
[Site "Oberwart AUT"]
[Date "2010.07.19"]
[Round "7"]
[White "Karner,C"]
[Black "Lehner,O"]
[Result "0-1"]
[WhiteElo "2345"]
[BlackElo "2416"]

1.d4 Nf6 2.c4 g6 3.Nc3 d5 4.cxd5 Nxd5 5.e4 Nxc3 6.bxc3 Bg7 7.Be3 c5 8.Qd2 O-O
9.Nf3 Qa5 10.Rb1 b6 11.Rc1 Rd8 12.d5 e6 13.c4 Qxd2+ 14.Nxd2 Na6 15.Be2 Nb4
16.a3 Bb2 17.Bg5 Bxc1 18.Bxd8 Bxa3 19.Bf6 Nc2+ 20.Kd1 Nd4 21.Bd3 Bd7 22.Nf3 Nxf3
23.gxf3 exd5 24.exd5 Re8 25.Be4 b5 26.Kc2 Bb4 27.Ra1 a5 28.Bd3 bxc4 29.Bxc4 Re1
30.Ra2 a4 31.Bd3 c4 32.Be4 a3 33.Bc3 Ba4+  0-1

[Event "Sparkassen Open A"]
[Site "Dortmund GER"]
[Date "2010.07.21"]
[Round "5"]
[White "Bluebaum,M"]
[Black "Guennigmann,M"]
[Result "1-0"]
[WhiteElo "2098"]
[BlackElo "2234"]

1.d4 Nf6 2.c4 g6 3.Nc3 d5 4.cxd5 Nxd5 5.e4 Nxc3 6.bxc3 Bg7 7.Bc4 c5 8.Ne2 O-O
9.O-O Nc6 10.Be3 Bd7 11.Rb1 Qc7 12.Bf4 Qc8 13.Rc1 a6 14.Qd2 b5 15.Bd5 e6
16.Bb3 Rd8 17.Bg5 f6 18.Bh6 Na5 19.Bxg7 Kxg7 20.Qe3 Nxb3 21.axb3 cxd4 22.cxd4 Qb7
23.h4 Rac8 24.e5 Rf8 25.h5 Rxc1 26.Rxc1 Qb8 27.hxg6 hxg6 28.Qg3 fxe5 29.dxe5 Be8
30.Re1 Qb6 31.Nf4 Rf5 32.Rd1 Qc6 33.Qe3 Bf7 34.g4 Rg5 35.Nxe6+ Bxe6 36.Qxg5 Qf3
37.Rc1 Qxg4+ 38.Qxg4 Bxg4 39.Rc7+ Kf8 40.b4 Bf3 41.Kh2 Be4 42.Kg3 Bf5 43.Kf4  1-0

[Event "Open A"]
[Site "Oberwart AUT"]
[Date "2010.07.21"]
[Round "9"]
[White "Kummer,Hel"]
[Black "Lehner,O"]
[Result "1/2-1/2"]
[WhiteElo "2351"]
[BlackElo "2416"]

1.d4 Nf6 2.c4 g6 3.Nc3 d5 4.cxd5 Nxd5 5.e4 Nxc3 6.bxc3 Bg7 7.Bc4 c5 8.Ne2 Nc6
9.Be3 O-O 10.O-O Na5 11.Bd3 b6 12.Qd2 e5 13.Bh6 cxd4 14.Bxg7 Kxg7 15.cxd4 exd4
16.f4 f6 17.Rac1 Nb7 18.Rc4 Nc5 19.Rxd4 Qe7 20.Bc2 Bb7 21.Ng3 Rad8 22.Rd1 Ne6
23.Rd6 Rxd6 24.Qxd6 Qxd6 25.Rxd6 Nxf4 26.Bb3 Bc8 27.Kf2 Re8 28.Rc6 Nd3+ 29.Ke3 Ne5
30.Rc7+ Kh6 31.h3 a5 32.Ne2 Bd7 33.Nc3 b5 34.a3 Kg5 35.Nd5 Rc8 36.Rxc8 Bxc8
37.Kd4 b4 38.axb4 Nc6+ 39.Kc5 Nxb4 40.h4+ Kxh4 41.Nxf6 h5 42.e5 Nd3+ 43.Kd6 Kg3
44.e6 Bxe6 45.Bxe6 a4 46.Nd5 Kxg2 47.Nc3 Nf4 48.Bf7 h4 49.Ke5 Kf3 50.Nxa4 h3
51.Nc5 h2 52.Be8 Ke3 53.Bc6 Nh3 54.Ne6 Nf2 55.Ng5 Ng4+ 56.Kd6 Kf4 57.Ne6+ Kg3
58.Ng5 Nf2 59.Ke5 Kg4 60.Ne6 g5 61.Kd4 Nh3 62.Ke3 Nf4 63.Nxf4  1/2-1/2

[Event "21st Czech Rapid Open"]
[Site "Pardubice CZE"]
[Date "2010.07.21"]
[Round "3"]
[White "Golichenko,I"]
[Black "Maslak,K"]
[Result "0-1"]
[WhiteElo "2419"]
[BlackElo "2560"]

1.d4 Nf6 2.c4 g6 3.Nc3 d5 4.cxd5 Nxd5 5.e4 Nxc3 6.bxc3 Bg7 7.Bc4 c5 8.Ne2 O-O
9.O-O Nc6 10.Be3 Na5 11.Bd3 b6 12.Qd2 e5 13.Rad1 cxd4 14.cxd4 exd4 15.Bh6 Bb7
16.Bxg7 Kxg7 17.Qb2 Qf6 18.Nxd4 Nc6 19.Bb5 Nxd4 20.Qxd4 Rfd8 21.Qa4 a6 22.Bd7 b5
23.Qb4 Qe5 24.f3 Kg8 25.Rd2 a5 26.Qd6 Qxd6 27.Rxd6 Ra6 28.Rxa6 Bxa6 29.Bc6 b4
30.Rc1 Rc8 31.Rc5 Bb7 32.Rxa5 Bxc6 33.Ra6 Bd7 34.Rb6 Rc1+ 35.Kf2 Rc2+ 36.Kg3 Rb2  0-1

[Event "Najdorf Mem Open A"]
[Site "Warsaw POL"]
[Date "2010.07.22"]
[Round "6"]
[White "Hammer,J"]
[Black "Czerwonski,A"]
[Result "1/2-1/2"]
[WhiteElo "2636"]
[BlackElo "2379"]

1.d4 Nf6 2.c4 g6 3.Nc3 d5 4.cxd5 Nxd5 5.e4 Nxc3 6.bxc3 Bg7 7.Be3 c5 8.Qd2 O-O
9.Rc1 Qa5 10.Nf3 Bg4 11.d5 Bxf3 12.gxf3 Nd7 13.c4 Qxd2+ 14.Kxd2 f5 15.exf5 gxf5
16.f4 Nf6 17.Bd3 Ne4+ 18.Bxe4 fxe4 19.Bxc5 Rxf4 20.Ke2 Kf7 21.Be3 Rf6 22.c5 Ra6
23.Rc2 Rd8 24.Rb1 b6 25.cxb6 axb6 26.Rxb6 Ra4 27.Bc5 Rxd5 28.Bb4 Be5 29.a3 Bxh2
30.Rh6 Bd6 31.Bxd6 Rxd6 32.Rxh7+ Kf6 33.Rc3 Rd3 34.Rc6+ Rd6 35.Rc3 Rd3 36.Rc7 Raxa3
37.Rcxe7 Ra2+ 38.Kf1 Rf3 39.Rhf7+ Kg6 40.Rg7+ Kf6 41.Rgf7+  1/2-1/2

[Event "Sparkassen Open A"]
[Site "Dortmund GER"]
[Date "2010.07.23"]
[Round "7"]
[White "Bluebaum,M"]
[Black "Bach,Mat"]
[Result "1-0"]
[WhiteElo "2098"]
[BlackElo "2303"]

1.d4 Nf6 2.c4 g6 3.Nc3 d5 4.cxd5 Nxd5 5.e4 Nxc3 6.bxc3 Bg7 7.Bc4 c5 8.Ne2 O-O
9.O-O Qc7 10.Bf4 Qa5 11.Qc1 Nd7 12.Bh6 b5 13.Bd5 Rb8 14.Bxg7 Kxg7 15.Qg5 Qd8
16.dxc5 e6 17.Qxd8 Rxd8 18.c6 exd5 19.c7 Re8 20.cxb8=Q Nxb8 21.Nd4 dxe4 22.Nxb5 Ba6
23.Nc7 Rc8 24.Nxa6 Nxa6 25.Rab1 Nc5 26.Rb4 Re8 27.Rc4 Nd3 28.Rc7 a5 29.c4 Re5
30.Rb7 Rc5 31.Rb5 Rxc4 32.Rxa5 f5 33.Ra7+ Kf6 34.a4 f4 35.a5 Kg5 36.a6 Ra4
37.Ra8 Nb4 38.a7 Nc6 39.Rc1 e3 40.fxe3 fxe3 41.h4+ Kxh4 42.Rxc6 Kg3 43.Kf1  1-0

[Event "Andorra Open"]
[Site "La Massana AND"]
[Date "2010.07.24"]
[Round "8"]
[White "Edouard,R"]
[Black "Demuth,A"]
[Result "1-0"]
[WhiteElo "2620"]
[BlackElo "2394"]

1.d4 Nf6 2.c4 g6 3.Nc3 d5 4.cxd5 Nxd5 5.e4 Nxc3 6.bxc3 Bg7 7.Bc4 c5 8.Ne2 Nc6
9.Be3 cxd4 10.cxd4 Qa5+ 11.Bd2 Qh5 12.O-O O-O 13.Bc3 Rd8 14.Qb3 e6 15.d5 exd5
16.Bxg7 dxc4 17.Qb2 Be6 18.Bf6 Re8 19.Rad1 b5 20.Rd6 Qc5 21.Qd2  1-0

[Event "XIV Battle Of Senta"]
[Site "Senta SRB"]
[Date "2010.07.24"]
[Round "9"]
[White "Bodiroga,P"]
[Black "Cerovic,D"]
[Result "1-0"]
[WhiteElo "2406"]
[BlackElo "2300"]

1.d4 Nf6 2.c4 g6 3.Nc3 d5 4.cxd5 Nxd5 5.e4 Nxc3 6.bxc3 Bg7 7.Nf3 c5 8.Be3 Qa5
9.Qd2 O-O 10.Rc1 Nd7 11.d5 b5 12.Bd3 c4 13.Bb1 Bb7 14.Bh6 Qb6 15.h4 Bxh6
16.Qxh6 Qf6 17.h5 Qg7 18.Qf4 Rac8 19.hxg6 fxg6 20.Qe3 Nc5 21.Ng5 h6 22.Nf3 h5
23.Nd4 a6 24.Rh3 Qf6 25.Rg3 Qf4 26.Rxg6+ Kh7 27.Qxf4 Rxf4 28.Rb6 Ba8 29.f3  1-0

[Event "Andorra Open"]
[Site "La Massana AND"]
[Date "2010.07.25"]
[Round "9"]
[White "Cruz Lopez Claret,C"]
[Black "Konguvel,P"]
[Result "1/2-1/2"]
[WhiteElo "2307"]
[BlackElo "2416"]

1.d4 Nf6 2.c4 g6 3.Nc3 d5 4.cxd5 Nxd5 5.e4 Nxc3 6.bxc3 Bg7 7.Bc4 c5 8.Ne2 Nc6
9.Be3 O-O 10.O-O Qc7 11.Rc1 Rd8 12.Bf4 Be5 13.Bg3 Bxg3 14.Nxg3 Qf4 15.d5 Ne5
16.Be2 h5 17.f3 h4 18.Nh1 c4 19.Qd4 b5 20.g3 hxg3 21.hxg3 Qf6 22.Rc2 Nd7
23.a4 bxa4 24.Bxc4 Qxd4+ 25.cxd4 Nb6 26.Ba2 Ba6 27.Rfc1 Rac8 28.Rc5 Nd7 29.Rc6 Nb8
30.R6c5 Nd7 31.Rc6 Nb8 32.R6c5  1/2-1/2

[Event "21st Czech GM Open"]
[Site "Pardubice CZE"]
[Date "2010.07.25"]
[Round "3"]
[White "Kuljasevic,D"]
[Black "Smith,Ax"]
[Result "1/2-1/2"]
[WhiteElo "2551"]
[BlackElo "2416"]

1.d4 Nf6 2.c4 g6 3.Nc3 d5 4.cxd5 Nxd5 5.e4 Nxc3 6.bxc3 Bg7 7.Nf3 c5 8.Be3 Qa5
9.Qd2 Nc6 10.Rb1 O-O 11.Rb5 cxd4 12.Rxa5 dxe3 13.Qxe3 Nxa5 14.Nd4 Bd7 15.e5 Rfc8
16.f4 Rc7 17.Bb5 e6 18.h4 Nc4 19.Qf3 Rac8 20.Bxd7 Rxd7 21.h5 Nb6 22.hxg6 hxg6
23.Qh3 Kf8 24.O-O Nd5 25.Rf3 Rcd8 26.Nb5 Ne7 27.Nd6 Nc8 28.Ne4 Rd1+ 29.Kh2 Ne7
30.Nd6 Nf5 31.Rd3 Rxd3 32.Qxd3 Nxd6 33.exd6 Ke8 34.Qb5+ Rd7 35.Qc5 Bf8 36.Qc8+ Rd8
37.Qxb7 Bxd6 38.Qxa7 Bxf4+ 39.g3 Be5 40.Qc5 Rd5 41.Qe3 Ra5 42.a3 Ke7 43.Qg5+ f6
44.Qxg6 Rxa3 45.Qg7+ Ke8 46.Qg8+ Ke7 47.Qg7+ Ke8 48.Qg8+  1/2-1/2

[Event "21st Czech GM Open"]
[Site "Pardubice CZE"]
[Date "2010.07.26"]
[Round "4"]
[White "Linster,P"]
[Black "Karavade,E"]
[Result "1/2-1/2"]
[WhiteElo "2244"]
[BlackElo "2378"]

1.d4 Nf6 2.c4 g6 3.Nc3 d5 4.cxd5 Nxd5 5.e4 Nxc3 6.bxc3 Bg7 7.Nf3 c5 8.Rb1 O-O
9.Be2 b6 10.O-O Bb7 11.d5 Bxc3 12.Bc4 Nd7 13.Bf4 Bg7 14.Qe2 Nf6 15.h3 Ne8
16.a4 Nd6 17.Ba2 Qc8 18.Rfd1 h6 19.e5 Nf5 20.g4 Nd4 21.Nxd4 cxd4 22.Rxd4 Kh7
23.Bc4 e6 24.Rc1 exd5 25.Bxd5 Qd7 26.Qe4 Rad8 27.Rcd1 Bxd5 28.Qxd5 Qxd5 29.Rxd5 Rde8
30.Rd7 Bxe5 31.Bxe5 Rxe5 32.Rxa7 h5 33.Rdd7 Kg7 34.Rab7 hxg4 35.hxg4 Re4
36.f3 Rf4 37.Kf2  1/2-1/2

[Event "21st Czech GM Open"]
[Site "Pardubice CZE"]
[Date "2010.07.26"]
[Round "4"]
[White "Batchuluun,T"]
[Black "Lalic,B"]
[Result "1/2-1/2"]
[WhiteElo "2388"]
[BlackElo "2491"]

1.d4 Nf6 2.c4 g6 3.Nc3 d5 4.cxd5 Nxd5 5.e4 Nxc3 6.bxc3 Bg7 7.Be3 c5 8.Qd2 O-O
9.Nf3 Qa5 10.Rc1 Rd8 11.d5 e6 12.c4 Qxd2+ 13.Nxd2 Na6 14.Bd3 b6 15.O-O Bd7  1/2-1/2

[Event "MTO"]
[Site "Biel SUI"]
[Date "2010.07.27"]
[Round "8"]
[White "Roiz,M"]
[Black "Riazantsev,A"]
[Result "1/2-1/2"]
[WhiteElo "2645"]
[BlackElo "2682"]

1.d4 Nf6 2.c4 g6 3.Nc3 d5 4.cxd5 Nxd5 5.e4 Nxc3 6.bxc3 Bg7 7.Be3 c5 8.Rc1 O-O
9.Qd2 Qa5 10.Nf3 Rd8 11.d5 e6 12.Be2 exd5 13.exd5 b5 14.Bxc5 Bb7 15.c4 Qxd2+  1/2-1/2

[Event "3rd Open"]
[Site "Paleochora GRE"]
[Date "2010.07.27"]
[Round "7"]
[White "Lahno,Kateri"]
[Black "Jerez Perez,A"]
[Result "1/2-1/2"]
[WhiteElo "2535"]
[BlackElo "2415"]

1.d4 Nf6 2.c4 g6 3.Nc3 d5 4.cxd5 Nxd5 5.e4 Nxc3 6.bxc3 Bg7 7.Be3 c5 8.Nf3 O-O
9.Qd2 Qa5 10.Rc1 Rd8 11.d5 e6 12.Bg5 Re8 13.d6 Nd7 14.Bh6 f6 15.h4 c4 16.Bxg7 Kxg7
17.Bxc4 Qc5 18.Bb3 a5 19.h5 g5 20.h6+ Kh8 21.O-O Ra6 22.Rfd1 a4 23.Bc2 Rd8
24.e5 Nxe5 25.Nxe5 Qxe5 26.d7 Rxd7 27.Qxd7 Bxd7 28.Rxd7 Rd6 29.Rd1 Rxd1+
30.Bxd1 Kg8 31.Bh5 Kf8 32.Rf7+ Ke8 33.Rxh7+ Kd8 34.Rh8+ Kc7 35.h7 f5 36.Ra8 Qe1+
37.Kh2 Qxf2 38.Rxa4 f4 39.Rc4+ Kb6 40.Rb4+ Kc5 41.h8=Q Qg3+  1/2-1/2

[Event "21st Czech GM Open"]
[Site "Pardubice CZE"]
[Date "2010.07.27"]
[Round "5"]
[White "Jaracz,P"]
[Black "Smith,Ax"]
[Result "0-1"]
[WhiteElo "2541"]
[BlackElo "2416"]

1.d4 Nf6 2.c4 g6 3.Nc3 d5 4.cxd5 Nxd5 5.e4 Nxc3 6.bxc3 Bg7 7.Bc4 c5 8.Ne2 Nc6
9.Be3 O-O 10.O-O Na5 11.Bd3 b6 12.Qd2 e5 13.dxe5 Be6 14.f4 Nc4 15.Bxc4 Qxd2
16.Bxd2 Bxc4 17.Rf2 Rfd8 18.Ng3 Rd7 19.Nf1 Rad8 20.Ne3 Bd3 21.Re1 Bxe4 22.Bc1 b5
23.Ba3 Bf8 24.Ng4 Rd1 25.Nf6+ Kg7 26.Rff1 Rxe1 27.Rxe1 Bc6 28.Re2 Rd3 29.Kf2 b4
30.Bc1 bxc3 31.Ne4 Rd1 32.Ba3 c2  0-1